Phân biệt từ dễ nhầm trong Tiếng Hoa

Salvato in:
Dettagli Bibliografici
Autore principale: Thanh Hà
Natura: Libro
Lingua:Vietnamese
Pubblicazione: H. Hồng Đức 2009
Tags: Aggiungi Tag
Nessun Tag, puoi essere il primo ad aggiungerne! !
Thư viện lưu trữ: Trung tâm Học liệu Lê Vũ Hùng, Trường Đại học Đồng Tháp
LEADER 00466aam a22001458a 4500
001 00029077
005 20171026081025.0
008 120504s2009 ||||||viesd
020 |c 25000 
041 0 # |a vie - Chi 
100 0 # |a Thanh Hà 
245 1 0 |a Phân biệt từ dễ nhầm trong Tiếng Hoa  |c Thanh Hà 
260 # # |a H.  |b Hồng Đức  |c 2009 
910 |d 04/05/2012 
980 # # |a Trung tâm Học liệu Lê Vũ Hùng, Trường Đại học Đồng Tháp